000 00246nam a2200109Ia 4500
008 221009s9999 xx 000 0 und d
082 _a323/ANT
100 _aAntony, M J
_92084
245 0 _aWomen's Rights
260 _bClarion Books
942 _cBK
999 _c64795
_d64795